| 000 | 01912nam1a2200349 i 4500 | ||
|---|---|---|---|
| 001 | RU\NLR\bibl\922911 | ||
| 005 | 20260407092540.0 | ||
| 035 | _a(NLR Aleph) 000911182 | ||
| 090 |
_a40673 _c40673 |
||
| 100 | _a20060329g20059999u y0rusy50 ca | ||
| 101 | 0 | _arus | |
| 102 | _aRU | ||
| 105 | _a||||z ||||| | ||
| 200 | 1 |
_aRUSMARC в примерах _eучебное пособие для каталогизаторов _fРос. нац. б-ка, Нац. информ.-библиотеч. центр ЛИБНЕТ _g[авт.-сост. Беневоленская Л.И. и др. _gпод общ. ред. Кулиш О.Н., Логинова Б.Р.] |
|
| 210 |
_aМосква _cФАИР-ПРЕСС _cЦентр "ЛИБНЕТ" _d2005 |
||
| 215 | _d30 | ||
| 225 | 1 | _aСпециальный издательский проект для библиотек | |
| 463 | 0 | _1001914804 | |
| 606 |
_aRUSMARC, коммуникативный формат машиночитаемой каталогизации _jУчебные издания _92314128 _3RU\NLR\auth\661384807 |
||
| 686 | _aЧ738.3 | ||
| 686 | _aЧ736.2 | ||
| 686 | _aЧ73я7 | ||
| 702 | 1 |
_4220 _7ca _8rus _aБеневоленская _bЛ. И. _f1934- _gЛюдмила Ивановна _9218476 _3RU\NLR\AUTH\770218532 |
|
| 702 | 1 |
_4340 _8rus _7ca _aКулиш _bО. Н. _f1947 - _cканд. пед. наук _gОльга Николаевна _3RU\NLR\auth\7721522 _94584 |
|
| 712 | 0 | 2 |
_4570 _aРоссийская национальная библиотека _cСанкт-Петербург _3RU\NLR\AUTH\88593 _9272031 |
| 712 | 0 | 2 |
_4570 _a"ЛИБНЕТ", национальный информационно-библиотечный центр _cМосква _3RU\NLR\AUTH\8810050450 _9601038 |
| 801 | 0 |
_aRU _bNLR _c20060329 _grcr |
|
| 801 | 1 |
_aRU _bNLR _c20060329 |
|
| 852 |
_aNLR _jБ 7130/Р-88 |
||
| 942 | _cBOOK | ||